[Event "4.Griesheimer Schachtage 2008"]
[Site "Griesheim"]
[Date "2008.05.18"]
[Round "5"]
[White "Aberle, Harry"]
[Black "Bauer, Björn-Benny"]
[Result "0-1"]
[WhiteElo "1909"]
[BlackElo "1321"]
[PlyCount "84"]

1. d4 Nf6 2. b3 e6 3. Bb2 d5 4. Nf3 c5 5. e3 Nc6 6. Nbd2 g6 7. dxc5 Bg7 8. c4
O-O 9. cxd5 exd5 10. Be2 Bf5 11. Nd4 Nxd4 12. Bxd4 b6 13. c6 Rc8 14. Rc1 Qd6
15. Qc2 Bxc2 16. Rxc2 Rxc6 17. Rb2 Rc1+ 18. Bd1 Ng4 19. Nf3 Bxd4 20. Nxd4 Ne5
21. O-O Nc6 22. Ne2 Ra1 23. Rd2 Rd8 24. g3 Ne5 25. Kg2 Qa3 26. Nc3 b5 27. f4
Nc6 28. Rff2 Qc5 29. Ne2 Qxe3 30. Ng1 Nd4 31. Nf3 Nxf3 32. Bxf3 Qe1 33. Kh3
Qe6+ 34. Bg4 f5 35. Bf3 Kg7 36. Rfe2 Qa6 37. b4 d4 38. Rc2 Rd7 39. Rc6 Qa3 40.
Bd5 d3 41. Re8 d2 42. Rg8+ Kh6 0-1

[Event "4.Griesheimer Schachtage 2008"]
[Site "Griesheim"]
[Date "2008.05.18"]
[Round "5"]
[White "Schroeder, Oliver"]
[Black "Tierling, Detlef"]
[Result "0-1"]
[WhiteElo "1743"]
[BlackElo "1860"]
[PlyCount "76"]
[EventDate "2008.??.??"]

1. c4 g6 2. Nc3 Bg7 3. g3 c6 4. Bg2 d6 5. e4 e5 6. d3 Nd7 7. Nge2 Nc5 8. b4 Ne6
9. Rb1 Nf6 10. a4 O-O 11. O-O Bd7 12. h3 Qc8 13. Kh2 Nh5 14. Ng1 Qe8 15. Bf3
Nf6 16. Bg2 h5 17. Nce2 Qe7 18. f4 h4 19. Nf3 hxg3+ 20. Kg1 exf4 21. Nxf4 Nh5
22. Nxh5 gxh5 23. d4 f5 24. Qe1 f4 25. Bb2 Rae8 26. e5 Ng5 27. Nxg5 Qxg5 28.
Qd2 Qh4 29. e6 Bxe6 30. Rbe1 f3 31. Rxf3 Rxf3 32. Bxf3 Qxh3 33. Re2 Rf8 34.
Rxe6 Qxe6 35. d5 Qh3 36. dxc6 Rxf3 37. Qd5+ Rf7 38. Bxg7 Qf1# 0-1

[Event "4.Griesheimer Schachtage 2008"]
[Site "Griesheim"]
[Date "2008.05.18"]
[Round "5"]
[White "Adamczyk, Matthias"]
[Black "Simak, Jaroslav"]
[Result "1/2-1/2"]
[WhiteElo "1781"]
[BlackElo "1709"]
[PlyCount "108"]
[EventDate "2008.??.??"]

1. d4 d5 2. Bf4 Nf6 3. e3 g6 4. Bd3 Bg7 5. Nf3 O-O 6. h3 Nbd7 7. Nbd2 c5 8. c3
b6 9. O-O Bb7 10. Re1 a6 11. b3 b5 12. c4 bxc4 13. bxc4 cxd4 14. exd4 dxc4 15.
Nxc4 Nd5 16. Be3 N7f6 17. Nfe5 Nb4 18. Be2 Bd5 19. Qa4 Bxc4 20. Qxb4 Bxe2 21.
Rxe2 Nd5 22. Qc5 e6 23. Rc1 Rc8 24. Qa3 Rxc1+ 25. Qxc1 Nxe3 26. Qxe3 Qd5 27.
Qf4 Bxe5 28. Qxe5 Rd8 29. Qxd5 Rxd5 30. Re4 Ra5 31. Re2 Rd5 32. Re4 Kf8 33. f3
Ke7 34. g4 Kd6 35. Kf2 f5 36. gxf5 exf5 37. Re3 Ra5 38. a3 Ra4 39. Rb3 Kd5 40.
Rb7 Rxa3 41. Rxh7 Kxd4 42. Rg7 f4 43. Rd7+ Ke5 44. h4 Ra2+ 45. Kg1 a5 46. Ra7
Kf5 47. Rf7+ Ke5 48. Ra7 Kf6 49. Ra6+ Kg7 50. Ra7+ Kh6 51. Ra8 Kg7 52. Ra7+ Kh6
53. Ra8 Kg7 54. Ra7+ Kh6 1/2-1/2

[Event "4.Griesheimer Schachtage 2008"]
[Site "Griesheim"]
[Date "2008.05.18"]
[Round "5"]
[White "Hoeck, Raimund"]
[Black "Mainka, Walter"]
[Result "1-0"]
[WhiteElo "1897"]
[BlackElo "1572"]
[PlyCount "73"]
[EventDate "2008.??.??"]

1. d4 d5 2. c4 e6 3. Nf3 Nf6 4. Nc3 c6 5. e3 Nbd7 6. Qc2 Be7 7. Bd3 h6 8. O-O
b6 9. b3 Bb7 10. Bb2 Rc8 11. Rac1 O-O 12. Rfd1 Qc7 13. Qe2 Qb8 14. Rc2 Rfe8 15.
Rcd2 Bd6 16. h3 e5 17. dxe5 Nxe5 18. cxd5 Nxd3 19. Qxd3 Rcd8 20. Qe2 cxd5 21.
Nb5 Ne4 22. Nxd6 Rxd6 23. Rc2 Rd7 24. Rdc1 Nc5 25. Nd4 Ba6 26. Qg4 Qd6 27. Rxc5
h5 28. Qxd7 Qxd7 29. Rc7 Qd6 30. Nf5 Qg6 31. Ne7+ Rxe7 32. Rxe7 Bb5 33. Bd4 Qd3
34. Rc8+ Kh7 35. Rxf7 Kg6 36. Rxg7+ Kf5 37. Rf8+ 1-0

[Event "4.Griesheimer Schachtage 2008"]
[Site "Griesheim"]
[Date "2008.05.18"]
[Round "5"]
[White "Auschkalnis, Reinhard"]
[Black "Josic, Ivica"]
[Result "0-1"]
[WhiteElo "1685"]
[BlackElo "1595"]
[PlyCount "134"]
[EventDate "2008.??.??"]

1. d4 d5 2. c4 dxc4 3. Qa4+ Nc6 4. Nf3 Be6 5. e4 Bd7 6. Qxc4 e6 7. a3 Na5 8.
Qc2 Nf6 9. Nc3 a6 10. Be2 b5 11. b4 Nb7 12. Bg5 Be7 13. O-O h6 14. Bxf6 gxf6
15. Nd2 c6 16. Kh1 Qc7 17. f4 Nd6 18. Bd3 O-O-O 19. a4 Kb7 20. Nb3 Nc4 21. Bxc4
bxc4 22. Nc5+ Bxc5 23. bxc5 Ka7 24. a5 Rb8 25. Na4 Rb4 26. Nb6 Rb8 27. Qc3 Rb5
28. Qxc4 Rg8 29. Qc3 Rg4 30. e5 f5 31. h3 Rg6 32. Rab1 Be8 33. Rfc1 f6 34. Rxb5
axb5 35. Qb3 Bf7 36. Qe3 h5 37. d5 exd5 38. e6 Be8 39. Re1 h4 40. e7 Rg3 41.
Qe6 Qxf4 42. Nxd5 cxd5 43. Qb6+ Ka8 44. c6 Qb8 45. Qd8 Rc3 46. c7 Rxc7 47.
Qxd5+ Qb7 48. Qxf5 Rxe7 49. Rxe7 Qxe7 50. Qf3+ Qb7 51. Qxf6 Bc6 52. Qxh4 Bxg2+
53. Kh2 b4 54. a6 Qe4 55. Qd8+ Ka7 56. Qd7+ Kxa6 57. Qa4+ Kb6 58. Qd1 Bf3 59.
Qd8+ Kb5 60. Qd7+ Kc4 61. Qf7+ Qd5 62. Qf4+ Be4 63. Qf1+ Qd3 64. Qf7+ Kc3 65.
Qg7+ Kc2 66. Qc7+ Qc3 67. Qb6 b3 0-1

[Event "4.Griesheimer Schachtage 2008"]
[Site "Griesheim"]
[Date "2008.05.18"]
[Round "5"]
[White "Bars, Alexander"]
[Black "Muench, Sebastian"]
[Result "1/2-1/2"]
[WhiteElo "961"]
[BlackElo "1591"]
[PlyCount "105"]
[EventDate "2008.??.??"]

1. e4 c6 2. Nc3 g6 3. d4 d5 4. exd5 cxd5 5. Nf3 Bg4 6. h3 Bxf3 7. Qxf3 e6 8.
Bb5+ Nc6 9. Bf4 Bg7 10. O-O-O Nge7 11. Bg5 O-O 12. Bxc6 bxc6 13. Bf6 Bxf6 14.
Qxf6 Nf5 15. Qxd8 Rfxd8 16. g4 Nd6 17. h4 Rac8 18. f4 Nb5 19. Rd3 Nxc3 20. Rxc3
Rd7 21. h5 Rdc7 22. Rc5 Rb7 23. c3 Kg7 24. g5 Rb5 25. h6+ Kf8 26. b4 Rxc5 27.
dxc5 a5 28. a3 axb4 29. axb4 Ra8 30. Kb2 Ke7 31. Rg1 f6 32. gxf6+ Kxf6 33. Rg5
Re8 34. Re5 Rd8 35. Kb3 d4 36. cxd4 Rxd4 37. b5 cxb5 38. c6 Rc4 39. Rxb5 Rxc6
40. Rb7 Rc8 41. Rxh7 g5 42. fxg5+ Kxg5 43. Re7 Kf6 44. Ra7 e5 45. Ra1 Kg6 46.
Rh1 Rh8 47. Kc4 Kf6 48. Kd3 Kf5 49. Ke3 Rh7 50. Rh5+ Kg6 51. Rxe5 Kxh6 52. Ra5
Re7+ 53. Kd4 1/2-1/2

[Event "4.Griesheimer Schachtage 2008"]
[Site "Griesheim"]
[Date "2008.05.18"]
[Round "5"]
[White "Spitzl, Vinzent"]
[Black "Mook, Karl-Juergen"]
[Result "1/2-1/2"]
[WhiteElo "1098"]
[BlackElo "1371"]
[PlyCount "125"]
[EventDate "2008.??.??"]

1. e4 e5 2. Nf3 Nc6 3. Bb5 a6 4. Ba4 Nf6 5. O-O Be7 6. Re1 b5 7. Bb3 O-O 8. c3
d5 9. exd5 Nxd5 10. Nxe5 Nxe5 11. Rxe5 c6 12. Re2 Bd6 13. d4 Qc7 14. h3 Bf5 15.
Bxd5 cxd5 16. Nd2 Rae8 17. Nf3 Rxe2 18. Qxe2 h6 19. Ne5 Bxe5 20. Qxe5 Qd7 21.
Qg3 Kh8 22. Bf4 Re8 23. Be3 Kh7 24. Re1 Re6 25. Kf1 Qc6 26. Qf3 Bg6 27. g3 Qc4+
28. Kg1 Qxa2 29. Qe2 Qa5 30. Rf1 Qd8 31. Qd1 Qe8 32. Bd2 Re2 33. Re1 Rxe1+ 34.
Qxe1 Qxe1+ 35. Bxe1 Be4 36. Kf1 Bf3 37. Kg1 Kg6 38. Kh2 h5 39. g4 h4 40. Bd2 f6
41. Be3 f5 42. g5 Kh5 43. Bf4 Kg6 44. Kg1 Kf7 45. Kh2 g6 46. Kg1 Ke6 47. Kh2
Kd7 48. b4 Kc6 49. Bc1 Kb6 50. Kg1 a5 51. Ba3 axb4 52. cxb4 Kc6 53. Bc1 Kd6 54.
Bf4+ Ke6 55. Kh2 Be4 56. Kg1 Bd3 57. f3 Be2 58. Kf2 Bd3 59. Kg2 Bc2 60. Kf2 Bd1
61. Kg2 Bb3 62. Kf2 Bc4 63. Kg2 1/2-1/2